003860000a22001450004500082001800000100002900018245003000047260002200077260000900099300001400108650002900122650001700151650003100168650004100199 a631.43 SAH/TE aSAHA, ARUN KUMARfAuthor aTEXT BOOK OF SOIL PHYSICS aLUDHIANA, KALYANI c2004 apages 500 aHYDARTION OF SOIL SOLIDS aSOIL TEXTURE aSTRUCTURE OF MINERAL SOILS aVOLUME AND MASS RELATIONSHIP OF SOIL